Normal view
MARC view
- Hameed, Adil
Entry Personal Name
001 - CONTROL NUMBER
- control field: 130783
003 - CONTROL NUMBER IDENTIFIER
- control field: NUST
005 - DATE AND TIME OF LATEST TRANSACTION
- control field: 20250930124629.0
008 - FIXED-LENGTH DATA ELEMENTS
- fixed length control field: 250930|| aca||aabn | a|a d
040 ## - CATALOGING SOURCE
- Original cataloging agency: NUST
- Transcribing agency: NUST
100 ## - HEADING--PERSONAL NAME
- Personal name: Hameed, Adil
670 ## - SOURCE DATA FOUND
- Source citation: Work cat.: (NUST): Hameed, Adil, Design and Development of Miniaturized Controlled Radiation Pattern Antenna Array for GNSS Applications/
